| 000 | 00779nam a22002657a 4500 | ||
|---|---|---|---|
| 001 | 3056 | ||
| 003 | FISKH | ||
| 005 | 20250815162457.0 | ||
| 008 | 240201b cb ||||| |||| 00| 0 eng d | ||
| 020 | _a9780590273619 | ||
| 040 |
_aFISKH _beng _cFISKH _dFISKH |
||
| 050 | _aSF490.3 | ||
| 082 | _a428.6 | ||
| 100 | _aMartin, Mary Jane | ||
| 245 |
_aWhat's inside? / _cby Martin, Mary Jane |
||
| 260 |
_aNew York : _bScholastic , _c1994 |
||
| 300 |
_a16 pages : _bcolor illustrations ; _c24 cm . |
||
| 505 | _aC | ||
| 520 | _aPhotographs and text encourage the reader in identifying animals and their eggs. | ||
| 521 | 8 |
_a90
_bLexile |
|
| 521 | 8 |
_aC
_bRaz-Plus |
|
| 600 |
_2baby animals _vnon-fiction |
||
| 610 |
_2hatching _vnon-fiction |
||
| 942 |
_2ddc _cBK _n0 |
||
| 999 |
_c3056 _d3056 |
||